Linear estimation and design of experiments (Record no. 366)

MARC details
000 -LEADER
fixed length control field 00455 a2200169 4500
001 - CONTROL NUMBER
control field 066200
003 - CONTROL NUMBER IDENTIFIER
control field OSt
005 - DATE AND TIME OF LATEST TRANSACTION
control field 20210915152454.0
008 - FIXED-LENGTH DATA ELEMENTS--GENERAL INFORMATION
fixed length control field
082 ## - DEWEY DECIMAL CLASSIFICATION NUMBER
Classification number 519.5
Item number J78L
100 1# - MAIN ENTRY--PERSONAL NAME
Personal name Joshi, D.D.
245 1# - TITLE STATEMENT
Title Linear estimation and design of experiments
Statement of responsibility, etc by D.D. Joshi
260 ## - PUBLICATION, DISTRIBUTION, ETC. (IMPRINT)
Place of publication, distribution, etc New Delhi
Name of publisher, distributor, etc New Age International
Date of publication, distribution, etc 2009
300 ## - PHYSICAL DESCRIPTION
Extent 288p.
690 ## - LOCAL SUBJECT ADDED ENTRY--TOPICAL TERM (OCLC, RLIN)
Topical term or geographic name as entry element Mathematical statistics; Least squares
942 ## - ADDED ENTRY ELEMENTS (KOHA)
Source of classification or shelving scheme Dewey Decimal Classification
Koha item type Books
Holdings
Withdrawn status Lost status Damaged status Not for loan Collection code Home library Current library Date acquired Source of acquisition Cost, normal purchase price Full call number Barcode Date last seen Price effective from Koha item type Source of classification or shelving scheme Total Checkouts Date checked out
        General Text Book Central University Of Rajasthan Central University Of Rajasthan 07/03/2012 STT 175.00 519.5 J78L 488 21/11/2024 02/09/2020 Books      
        General Text Book Central University Of Rajasthan Central University Of Rajasthan 07/03/2012 STT 175.00 519.5 J78L 2943 30/05/2025 02/09/2020 Books Dewey Decimal Classification 1 26/05/2025
        General Text Book Central University Of Rajasthan Central University Of Rajasthan 07/03/2012 STT 175.00 519.5 J78L 486 21/11/2024 02/09/2020 Books   1 16/09/2022
        General Text Book Central University Of Rajasthan Central University Of Rajasthan 07/03/2012 STT 175.00 519.5 J78L 487 26/05/2025 02/09/2020 Books   1 15/05/2025